| 000 | 00528nam a22001577a 4500 | ||
|---|---|---|---|
| 003 | NUST | ||
| 038 | _aNusrat Nadeem | ||
| 082 | _a200 | ||
| 100 |
_aBaig, Muhammad Danish Zia _9130566 |
||
| 245 |
_aDetection of Minor Defects on Metal Surfaces using Deep Learning/ _cMuhammad Danish Zia Baig, |
||
| 264 |
_aIslamabad: _bSEECS NUST. _c2025. |
||
| 650 |
_aMS- Electrical Engineering _923567 |
||
| 700 |
_aSupervisor: Dr. Mohsin Kamal _9125092 |
||
| 856 | _uhttp://10.250.8.41:8080/xmlui/handle/123456789/54635 | ||
| 942 |
_2ddc _cSC |
||
| 999 |
_c614762 _d614762 |
||